000 nam a22 7a 4500
999 _c329474
_d329474
003 ASAB
005 20170509120750.0
008 170509b xxu||||| |||| 00| 0 eng d
020 _a978-81-261-3273-7
040 _cASAB
082 _a660
245 _aBiotechnology industries and entrepreneurs
_cP.R. Gilbert
260 _aNew Delhi.
_bAnmol Publications pvt. Ltd.
_c2008.
300 _a303 P.
942 _2ddc
_cBK